| 000 | 03841nam a22002297a 4500 | ||
|---|---|---|---|
| 003 | GR-AtMCL | ||
| 005 | 20251217115951.0 | ||
| 006 | a|||||r||||||||||| | ||
| 008 | s2019||||gr g ||| gre d | ||
| 020 | _a9789602218280 | ||
| 040 |
_bgre _aGR-AtMCL _dGR-AtMCL _eAACR2 |
||
| 100 | 1 |
_aΘεοτοκάς, Γιάννης _98840 |
|
| 245 | 0 | 0 |
_aΟργάνωση και διοίκηση ναυτιλιακών επιχειρησέων / _cΓιάννης Θεοτοκάς |
| 250 | _a3η εμπλ. έκδ. | ||
| 260 |
_aΑθήνα : _bΑλεξάνδρεια, _c2019 |
||
| 300 |
_a635 σ. : _bεικ. ; _c24 εκ. |
||
| 520 | _aΟι ναυτιλιακές επιχειρήσεις, ιδιαίτερα όσες δραστηριοποιούνται στις παγκόσμιες ναυλαγορές, αποτελούν ένα συναρπαστικό αντικείμενο μελέτης. Είναι πολύπλοκοι οργανισμοί, που καλούνται να λειτουργήσουν σε ένα σύνθετο και δυναμικό επιχειρηματικό περιβάλλον, το οποίο δεν έχει γεωγραφικά όρια. Οι ιδιαιτερότητες αυτού του περιβάλλοντος προσανατολίζουν τις επιχειρήσεις σε επιλογές που συμβάλλουν στην ενίσχυση της ανταγωνιστικότητάς τους, όπως η διαφοροποίηση του τόπου λειτουργίας πλοίων και γραφείων, αλλά και του θεσμικού πλαισίου τους, και η απασχόληση σε αυτές πολυπολιτισμικού ανθρώπινου δυναμικού. Όλοι αυτοί οι παράγοντες οδηγούν, αναπόφευκτα, σε προσαρμογές όσον αφορά την οργάνωση και τη διοίκηση των επιχειρήσεων, προκειμένου να αναζητηθούν λύσεις για τη βελτίωση της αποτελεσματικότητας και της αποδοτικότητάς τους. Στην παρούσα μελέτη εξετάζεται η ναυτιλιακή επιχείρηση σε συνάρτηση με το περιβάλλον στο οποίο κινείται, αναλύονται οι λειτουργίες της, η οργάνωσή της και οι παράγοντες που την προσδιορίζουν, καθώς και η τμηματοποίησή της, ενώ αναπτύσσονται θέματα σχετικά με το ανθρώπινο δυναμικό της, τη διοίκηση ασφάλειας, την εξωτερίκευση λειτουργιών και την Εταιρική Κοινωνική Ευθύνη. Το θεωρητικό πλαίσιο συμπληρώνεται με μελέτες περιπτώσεων και αναφορές σε επιτυχημένες πρακτικές ναυτιλιακών επιχειρήσεων από την Ελλάδα και το εξωτερικό. Ιδιαίτερη έμφαση δίνεται στις επιχειρήσεις της χύδην φορτηγού ναυτιλίας, γιατί όχι μόνο αποτελούν την αγορά με τη μεγαλύτερη πολυμορφία και τις περισσότερες ιδιαιτερότητες, αλλά, επιπλέον, σε αυτήν δραστηριοποιούνται με απόλυτη επιτυχία οι περισσότερες ελληνόκτητες επιχειρήσεις. | ||
| 650 | 0 |
_aΔιοίκηση Επιχειρήσεων _99939 |
|
| 650 | 0 |
_aΝαυτιλία _xΔιοίκηση και οργάνωση. _910187 |
|
| 942 | _cBK | ||
| 999 |
_c9992 _d9992 |
||